Logo BPK

Biblioteka

Politechniki Koszalińskiej

Positive Living and Health : (Rekord nr 47580)

Szczegóły MARC
000 -ETYKIETA REKORDU
podpole kontrolne o stałej długości 00699nam a2200229 i 4500
001 - NUMER KONTROLNY REKORDU
pole kontrolne bgj
020 ## - MIĘDZYNARODOWY ZNORMALIZOWANY NUMER KSIĄŻKI - ISBN
ISBN 0878578544
040 ## - ŹRÓDŁO KATALOGOWANIA
Instytucja, która utworzyła rekord BPK
041 0# - KOD JĘZYKA
Kod języka tekstu eng
920 ## - Międzynarodowy znormalizowany numer książki – ISBN
ISBN 0-87857-854-4
008 - POLE O STAŁEJ DŁUGOŚCI - DANE KONTROLNE
podpole kontrolne o stałej długości s uk f |000 0 eng
245 00 - TYTUŁ/ODPOWIEDZIALNOŚĆ
Tytuł Positive Living and Health :
Ciąg dalszy tytułu the complete guide to brain/body healing and mental empowerment /
Pozostałe elementy strefy tytułu i oznaczenia odpowiedzialności by Mark Bricklin [et al.] ; from an idea of Robert Rodale.
260 ## - STREFA ADRESU WYDAWNICZEGO
Miejsce wydania Emmaus, Pa :
Nazwa wydawcy/dystrybutora Rodale Press,
Data publikacji, dystrybucji/powstania dokumentu c. 1990.
300 ## - STREFA OPISU FIZYCZNEGO
Objętość XI, 516 pp :
Inne cechy fizyczne ill. ;
Rozmiary 24 cm.
505 ## - SFORMALIZOWANA UWAGA DOTYCZĄCA ZAWARTOŚCI
Pełny tekst uwagi Includes index.
650 #9 - HASŁO PRZEDMIOTOWE W FORMIE NAZWY OGÓLNEJ LUB JEDNOSTKOWEJ
Nazwa ogólna lub geograficzna Health
650 #9 - HASŁO PRZEDMIOTOWE W FORMIE NAZWY OGÓLNEJ LUB JEDNOSTKOWEJ
Nazwa ogólna lub geograficzna Mind and body
650 #9 - HASŁO PRZEDMIOTOWE W FORMIE NAZWY OGÓLNEJ LUB JEDNOSTKOWEJ
Nazwa ogólna lub geograficzna Self-actualization
700 1# - HASŁO DODATKOWE - NAZWA OSOBOWA
Nazwa osobowa BRICKLIN, Mark.
Określenie związku między hasłem a opisywanym materiałem ed.
700 1# - HASŁO DODATKOWE - NAZWA OSOBOWA
Nazwa osobowa RODALE, Robert
856 ## - LOKALIZACJA I DOSTĘP DO ELEKTRONICZNYCH DOKUMENTÓW ZDALNYCH
Link (URL) http://koha.tu.koszalin.pl/cgi-bin/koha/opac-detail.pl?biblionumber=47580
Tekst linku Katalog online BPK
942 ## - DODATKOWE ELEMENTY (KOHA)
Typ dokumentu Książka
Egzemplarze
Wycofany Status egzemplarza Uszkodzony Dostępność Lokalizacja stała Lokalizacja bieżąca Miejsce przechowywania Sygnatura Kod kreskowy Typ dokumentu
      Dostępny Biblioteka Politechniki Koszalińskiej Biblioteka Politechniki Koszalińskiej Wypożyczalnia Językowa KA 3954 09039490 Książka
© 2023 Biblioteka Politechniki Koszalińskiej :: KOHA